Catálogo público

Identificación de moscas de la fruta (Diptera: Tephritidae) en frutales del género Prunus y Juglans regia (Nuez de castilla) en Nealtican, Puebla / (Record no. 220821)

MARC details
000 -CABECERA
campo de control de longitud fija 04018nam a2200313 a 4500
003 - IDENTIFICADOR DEL NÚMERO DE CONTROL
campo de control OSt
005 - FECHA Y HORA DE LA ÚLTIMA TRANSACCIÓN
campo de control 20250922091636.0
007 - CAMPO FIJO DE DESCRIPCIÓN FÍSICA--INFORMACIÓN GENERAL
campo de control de longitud fija cr ||||||a|a|a
008 - DATOS DE LONGITUD FIJA--INFORMACIÓN GENERAL
campo de control de longitud fija 250818s2025 mx a|||fom||| 001 0 spa d
040 ## - FUENTE DE LA CATALOGACIÓN
Normas de descripción rda
100 1# - ENTRADA PRINCIPAL--NOMBRE DE PERSONA
Nombre de persona Chico Luna, Adriel
9 (RLIN) 190950
245 10 - MENCIÓN DE TÍTULO
Título Identificación de moscas de la fruta (Diptera: Tephritidae) en frutales del género Prunus y Juglans regia (Nuez de castilla) en Nealtican, Puebla /
Mención de responsabilidad, etc. por Adriel Chico Luna; director de tesis Candelario Santillán Ortega; secretario Juan Lorenzo Medina Pitalua; vocal Santos Gerardo Leyva Mir; suplente Jaime Alfredo Urzua Gutierrez; suplente Calixto Leopoldo Carrillo Fonseca.
264 #1 - PRODUCCIÓN, PUBLICACIÓN, DISTRIBUCIÓN, FABRICACIÓN Y COPYRIGHT
Producción, publicación, distribución, fabricación y copyright Chapingo, México :
Nombre del de productor, editor, distribuidor, fabricante El autor,
Fecha de producción, publicación, distribución, fabricación o copyright 2025.
300 ## - DESCRIPCIÓN FÍSICA
Extensión 1 recurso en línea (87 páginas):
Otras características físicas cuadros, figuras.
336 ## - TIPO DE CONTENIDO
Fuente rdacontent
Término de tipo de contenido texto
Código de tipo de contenido txt
337 ## - TIPO DE MEDIO
Fuente rdamedia
Nombre/término del tipo de medio computadora
Código del tipo de medio c
338 ## - TIPO DE SOPORTE
Fuente rdacarrier
Nombre/término del tipo de soporte recurso en línea
Código del tipo de soporte cr
502 ## - NOTA DE TESIS
Tipo de título Ingeniero Agrónomo Especialista en Parasitología Agrícola
Nombre de la institución que otorga el título Departamento de Enseñanza, Investigación y Servicio en Parasitología Agrícola,
Año de obtención del título 2025.
Información miscelánea Licenciatura
504 ## - NOTA DE BIBLIOGRAFÍA, ETC.
Nota de bibliografía, etc. Incluye referencias bibliográficas:74-76 páginas .
520 ## - SUMARIO, ETC.
Sumario, etc. La familia Tephritidae mejor conocidas como moscas de la fruta son de gran importancia ya que causan mermas en la producción de diversos frutales; y la mayoría de estas moscas tienen un amplio rango de hospedantes tanto primarios como secundarios. En México las especies que se han reportado son moscas del género Anastrepha y Rhagoletis; y en el sur del país cerca de la frontera con Guatemala hay presencia de Ceratitis capitata la cual se encuentra bajo control y erradicación mediante el programa mosca del mediterráneo. Los frutales del género Prunus comúnmente llamados frutos de hueso son de clima templado ya que en su mayoría necesitan de horas frío. Los frutales de este género presentes en el municipio de Nealtican son el capulín, durazno, chabacano y ciruela; los cuales tienen su fase de fructificación de mayo a julio. Anteriormente estos frutos tenían gran importancia en Nealtican, que llegó a ser primer productor de chabacano en el estado de Puebla. El nogal de castilla tiene importancia en la zona, es frecuentemente utilizado en fresco para la temporada de chiles en nogada en el mes de agosto; ya que es el ingrediente principal para la nogada. La identificación de moscas de la futa sirve para detectar la presencia de alguna especie de importancia cuarentenaria, así como conocer que especies están presentes y evaluar si tiene una baja o alta prevalencia para aplicar las medidas fitosanitarias correspondientes en cada caso. El estudio se llevó a cabo en Nealtican, Puebla del 06 de mayo al 29 de julio de 2023 con la finalidad de identificar las especies presentes y evaluar la prevalencia mediante el número de moscas por trampa por día (MTD) de cada especie; para ello se establecieron 47 trampas artesanales con el mismo principio de las trampas McPhail ubicadas en ocho huertos frutales, se utilizó proteína hidrolizada CeraTrap® como atrayente. La revisión se hizo cada siete días para recolectar los especímenes capturados, se preservaron en alcohol al 70% e identificaron en el laboratorio mediante claves taxonómicas. Se encontraron cuatro especies, dos del género Anastrepha y dos del género Rhagoletis. Con mayor presencia R. zoqui con el 90.19%, R. cingulata con el 6.79%, A. obliqua con el 2.64% y A. ludens con el 0.38%. La semana con mayor captura fue la semana seis con 71 moscas; la trampa que más capturo fue la trampa 13 con 190 moscas, ubicada en el huerto número dos.
650 #4 - PUNTO DE ACCESO ADICIONAL DE MATERIA--TÉRMINO DE MATERIA
Término de materia o nombre geográfico como elemento de entrada Mosca de la fruta
Subdivisión general Identificación
9 (RLIN) 136458
700 1# - PUNTO DE ACCESO ADICIONAL--NOMBRE DE PERSONA
Nombre de persona Santillán Ortega, Candelario
9 (RLIN) 102429
Término indicativo de función/relación director.
700 1# - PUNTO DE ACCESO ADICIONAL--NOMBRE DE PERSONA
Nombre de persona Medina Pitalúa, Juan Lorenzo
9 (RLIN) 74013
Término indicativo de función/relación secretario.
700 1# - PUNTO DE ACCESO ADICIONAL--NOMBRE DE PERSONA
Nombre de persona Leyva Mir, Santos Gerardo
9 (RLIN) 66581
Término indicativo de función/relación vocal.
700 1# - PUNTO DE ACCESO ADICIONAL--NOMBRE DE PERSONA
Nombre de persona Urzúa Gutiérrez, Jaime Alfredo
9 (RLIN) 117018
Término indicativo de función/relación suplente.
700 1# - PUNTO DE ACCESO ADICIONAL--NOMBRE DE PERSONA
Nombre de persona Carrillo Fonseca, Calixto Leopoldo
9 (RLIN) 19482
Término indicativo de función/relación suplente.
856 ## - LOCALIZACIÓN Y ACCESO ELECTRÓNICOS
Identificador Uniforme del Recurso http://10.13.5.2/tesis/tl/1610442-2_CHICO_LUNA_ADRIEL.pdf
Nota pública DESCARGAR PDF
942 ## - ELEMENTOS DE PUNTO DE ACCESO ADICIONAL (KOHA)
Fuente del sistema de clasificación o colocación Clasificación Universidad Autónoma Chapingo
Tipo de ítem Koha Tesis digital
Holdings
Estado de retiro Estado de pérdida Fuente del sistema de clasificación o colocación Estado dañado Restricciones de uso No para préstamo Código de colección Localización permanente Ubicación/localización actual Ubicación en estantería Fecha de adquisición Total de préstamos Signatura topográfica completa Fecha visto por última vez Precio válido a partir de Tipo de ítem Koha
    Clasificación Universidad Autónoma de Chapingo   Préstamo interno   Tesis digitales de Licenciatura Biblioteca Digital Biblioteca Digital En línea 18/08/2025   Tesis digital 18/08/2025 18/08/2025 Tesis digital